000 01421nam0a22003491 4500
001 rc\2185381
005 20250623021432.0
035 _a(NLR Aleph) 006525814
090 _a6479979
_c6479979
100 _a20110826d1979 |||y0rusy50 ca
101 0 _arus
102 _aRU
105 _aa z |||||
200 1 _aКонструкция ортопедических аппаратов и методика кормления челюстно-лицевых и лор-больных
210 _aЛенинград
_cМедицина. Ленингр. отд-ние
_d1979
215 _a152 с.
_cил.
_d20
225 1 _aБиблиотека среднего медработника
606 _aСтоматологические больные
_xПитание
_xАппаратура
_2psbo
606 _aОртопедические аппараты
_2psbo
606 _aОториноларингологическне больные
_xПитание
_xАппаратура
_2psbo
686 _aР665.605.0-5с05
_2rubbk
686 _a54.58
_2rubbk
686 _aР685с05
_2rubbk
700 1 _aКостур
_bБ.К.
_gБерта Константиновна
701 1 _aБалон
_bЛ.Р.
_gЛазарь Рувимович
801 0 _aRU
_bNLR
_gpsbo
801 1 _aRU
_bELAR
_2rusmarc
852 _aNLR
_j79-3/6134
899 _aRuMoRGB
_jB 79-35/201
899 _aRuMoRGB
_jB 79-35/202
942 _cBOOK
980 _aNB